LEADER 01325nam a2200337 u 4500 001 000000063842 003 CaOOAMICUS 005 20070226121306.0 008 011107s2001 it u000 u ita u 020 $a8831149229 035 $a10909181 040 $aPUL$bita 100 1 $aKimchi, David.$0(OLS)http://pul/name/24782 245 10$aCommento ai Salmi.$nIII.,$pSal. 101-150 /$ca cura di Luigi Cattani. 246 30$aSal. 101-150 260 $aRoma :$bCittà Nuova,$cc2001. 300 $a527 p. ;$c21 cm 490 1 $aTradizione d'Israele 500 $aContiene indici. 504 $aBibliografia in nota. 630 04$aBiblia.$pV.T.$pPsalmi.$kGruppi, scelte.$lItaliano$xCommenti.$0(OLS)http://pul/subject/17226 700 1 $aCattani, Luigi.$0(OLS)http://pul/name/12741 830 0$aTradizione d'Israele.$0(OLS)http://pul/title/19556 850 $aPUL 852 $aPUL$W1$xDP2 Religione 3$y114$m223 KIMDA 1$j176075$nBK-PRI$b $qDDC 21$B82798$CPULBib$Z2$F82798 $81 941 1 $a9 961 $aPrecedente collocazione: Teo 209 996 $6020$a8831149229$9(OLS)http://pul/number/82876 996 $6245$aCommento ai Salmi.$nIII.,$pSal. 101-150$9(OLS)http://pul/title/85096 996 $6246$aSal. 101-150$9(OLS)http://pul/title/85097 996 $6260$aRoma :$bCittà Nuova$9(OLS)http://pul/publisher/47927 LEADER 01278nam a2200313 a 4500 001 000000150349 003 CaOOAMICUS 005 20160311130623.0 008 160311s2012 it u000 u ita r 020 $a978-88-308-12208* 032 $aLibriCat 040 $aPUL$bita 082 04$a248.4 100 1 $aCipressa, Salvatore,$csac.,$d1961-$0(OLS)http://pul/name/48657 245 10$aAffettività fragile : $bdiagnosi e terapia /$cSalvatore Cipressa. 260 $aAssisi :$bCittadella,$c©2012. 300 $a120 p. ;$c19 cm. 490 1 $aEtica e i giorni 650 4$aMatrimonio$xAspetti morali e religiosi.$0(OLS)http://pul/subject/69 650 4$aAffettività (Psicologia).$0(OLS)http://pul/subject/23300 830 0$aL'Etica e i giorni.$0(OLS)http://pul/title/151135 850 $aPUL 852 $aPUL$W1$xDP2 Religione 3$y114$m248. 4 CIPSA 1$j172904$qDDC 21$B174855$CPULBib$Z2$F174855 $H127470 $81 941 1 $a9 996 $6020$a978-88-308-12208*$9(OLS)http://pul/number/160056 996 $6082$a248.4$9(OLS)http://pul/classification/625 996 $6245$aAffettività fragile : $bdiagnosi e terapia$9(OLS)http://pul/title/189462 996 $6260$aAssisi :$bCittadella$9(OLS)http://pul/publisher/49668